Rock Hudson : (Record no. 194)

MARC details
000 -LEADER
fixed length control field 00647cam a2200241 a 4500
005 - DATE AND TIME OF LATEST TRANSACTION
control field 20260322212010.0
008 - FIXED-LENGTH DATA ELEMENTS--GENERAL INFORMATION
fixed length control field data
010 ## - LIBRARY OF CONGRESS CONTROL NUMBER
LC control number 86061181
020 ## - INTERNATIONAL STANDARD BOOK NUMBER
International Standard Book Number 0688064728
020 ## - INTERNATIONAL STANDARD BOOK NUMBER
International Standard Book Number 9780688064723
040 ## - CATALOGING SOURCE
Original cataloging agency DLC
Transcribing agency DLC
Modifying agency DLC
050 00 - LIBRARY OF CONGRESS CALL NUMBER
Classification number PN2287.H75
Item number A3 1986
082 00 - DEWEY DECIMAL CLASSIFICATION NUMBER
Classification number B
-- B
Edition information 19
001 - CONTROL NUMBER
control field data
100 1# - MAIN ENTRY--PERSONAL NAME
Personal name Hudson, Rock,
Dates associated with a name 1925-1985.
245 10 - TITLE STATEMENT
Title Rock Hudson :
Remainder of title his story /
Statement of responsibility, etc. Rock Hudson & Sara Davidson.
250 ## - EDITION STATEMENT
Edition statement 1st ed.
260 ## - PUBLICATION, DISTRIBUTION, ETC.
Place of publication, distribution, etc. New York :
Name of publisher, distributor, etc. Morrow,
Date of publication, distribution, etc. c1986.
300 ## - PHYSICAL DESCRIPTION
Extent 311 p. :
Other physical details ill., ports. ;
Dimensions 25 cm.
600 10 - SUBJECT ADDED ENTRY--PERSONAL NAME
Personal name Hudson, Rock,
Dates associated with a name 1925-1985.
650 #0 - SUBJECT ADDED ENTRY--TOPICAL TERM
Topical term or geographic name entry element Actors
Geographic subdivision United States
General subdivision Biography.
700 1# - ADDED ENTRY--PERSONAL NAME
Personal name Davidson, Sara.
Holdings
Withdrawn status Lost status Damaged status Not for loan Home library Current library Shelving location Date acquired Total checkouts Full call number Barcode Date last seen Price effective from Koha item type
        Franklin Franklin General stacks 22/03/2026   791.43/028/0924 B 19 BC0010201 22/03/2026 22/03/2026 Books